Loading...
| Arts - Music | 2 | 10.00 | 50% | 50% | 0% |
| Arts - Other Arts | 3 | 23.33 | 100% | 100% | 33% |
| Arts - Painting | 5 | 18.00 | 100% | 60% | 20% |
| History - American History | 5 | 20.00 | 60% | 60% | 80% |
| History - European | 4 | 12.50 | 75% | 25% | 25% |
| History - Other History | 2 | 20.00 | 100% | 50% | 50% |
| History - World | 2 | 15.00 | 50% | 100% | 0% |
| History - World History | 2 | 25.00 | 50% | 100% | 100% |
| Literature - American Lit | 5 | 14.00 | 80% | 60% | 0% |
| Literature - British Lit | 5 | 8.00 | 80% | 0% | 0% |
| Literature - European Lit | 5 | 14.00 | 80% | 20% | 40% |
| Literature - World Lit | 6 | 15.00 | 100% | 17% | 33% |
| Mythology | 6 | 13.33 | 83% | 50% | 0% |
| Other - Geo/CE | 5 | 18.00 | 60% | 100% | 20% |
| Other Academic | 4 | 15.00 | 100% | 50% | 0% |
| Pop Culture | 5 | 18.00 | 60% | 80% | 40% |
| Religion | 3 | 13.33 | 33% | 67% | 33% |
| Science - Biology | 5 | 18.00 | 100% | 80% | 0% |
| Science - Chemistry | 5 | 10.00 | 80% | 20% | 0% |
| Science - Engineering | 1 | 20.00 | 100% | 100% | 0% |
| Science - Other Science | 6 | 13.33 | 83% | 33% | 17% |
| Science - Physics | 3 | 16.67 | 100% | 33% | 33% |
| Thought - Philosophy | 5 | 12.00 | 80% | 0% | 40% |
| Thought - Social Science | 4 | 12.50 | 75% | 25% | 25% |